[Event "HCL-B170"]
[Site "www.playchess.de"]
[Date "2001.04.15"]
[Round "9"]
[White "peizoriat"]
[Black "SAROS"]
[WhiteElo "1200"]
[BlackElo "1315"]
[PlyCount "70"]
[Result "0-1"]

1.e4 {Hello!}  b6 {Hello :-)}  2.Bc4 Bb7 3.d3 e6 
4.Nf3 {Hi!}  d5 {Hi,}  5.Bg5 Be7 6.Bb5+ c6 7.Ba4 
Bxg5 8.O-O dxe4 9.dxe4 Qxd1 10.Rxd1 Be7 11.Nc3 Na6 
12.Nd4 b5 13.Bb3 Nc5 14.Rde1 Nh6 15.Rad1 Rd8 
16.Nce2 Nxe4 17.Ng3 Nxg3 18.fxg3 O-O 19.Nf3 Rxd1 
20.Rxd1 Rd8 21.c3 Rxd1+ 22.Bxd1 Nf5 23.Ne5 f6 
24.g4 Nd6 25.Nd7 Nc4 26.g5 fxg5 27.Bg4 Kf7 28.b3 
Nb6 29.Ne5+ Kf6 30.Nd3 Nd5 31.c4 bxc4 32.Nf2 cxb3 
33.Ne4+ Ke5 34.Nd2 bxa2 35.Nb3 
Ba6 0-1

[Event "HCL-B170"]
[Site "www.playchess.de"]
[Date "2001.04.15"]
[Round "10"]
[White "Chessamateur"]
[Black "peizoriat"]
[WhiteElo "1526"]
[BlackElo "1200"]
[PlyCount "71"]
[Result "1-0"]

1.Nf3 {Greetings and good luck.}  Nf6 2.d4 e6 
3.Bg5 d5 4.Nbd2 c5 5.e3 Nbd7 6.c3 Bd6 7.Bd3 Nb6 
8.Qc2 c4 9.Be2 O-O 10.O-O Bd7 11.a4 Bxa4 12.Rxa4 
Nxa4 13.Qxa4 Qb6 14.Ra1 Qxb2 15.Bxc4 dxc4 16.Nxc4 
Qxc3 17.Nxd6 Rad8 18.Bh4 Rxd6 19.Bxf6 {I will 
probably resign soon.  I meant to play 18. Nxc6 
but got my games crossed.}  a6 20.Be7 {I don't 
know if I should thank you for that move.}  b5 
21.Qd1 Rfd8 22.Bxd8 Rxd8 23.Rxa6 Qc8 24.Rb6 h6 
{??}  25.Rxb5 Qa6 26.Qb1 Ra8 27.Rb8+ Qc8 28.Rxc8+ 
Rxc8 29.Ne5 f6 30.Nd3 Ra8 31.Nf4 e5 32.dxe5 fxe5 
33.Nd3 g5 34.Nxe5 Kg7 35.Qg6+ {It's checkmate next 
move.}  Kh8 36.Nf7+ 1-0

[Event "HCL-C190"]
[Site "www.playchess.de"]
[Date "2001.04.15"]
[Round "5"]
[White "Yarwood"]
[Black "Lila_BRik"]
[WhiteElo "1000"]
[BlackElo "800"]
[PlyCount "25"]
[Result "1-0"]

1.e4 e6 2.d3 a5 3.Bf4 Nc6 4.Nf3 d5 5.Ng5 Qf6 6.Qh5 
Qxf4 7.g3 Qc1+ 8.Qd1 Qxg5 9.h4 Qe5 10.c3 dxe4 
11.d4 Qd5 12.Nd2 Nf6 13.Bc4 1-0

[Event "HCL-B191"]
[Site "www.playchess.de"]
[Date "2001.04.15"]
[Round "6"]
[White "archi"]
[Black "bundori"]
[WhiteElo "1200"]
[BlackElo "1500"]
[PlyCount "86"]
[Result "0-1"]

1.e4 e6 2.Nf3 d5 3.Nc3 d4 4.Ne2 c5 5.c3 Nf6 6.Qc2 
d3 7.Qb1 dxe2 8.Bxe2 Nc6 9.e5 Nd5 10.Qe4 Be7 
11.Qg4 O-O 12.c4 Ndb4 13.Qe4 Nd4 14.Bd1 Nxf3+ 
15.gxf3 Qd4 16.Qe2 Nd3+ 17.Kf1 Nxe5 18.Rg1 Qxc4 
19.b3 Qxe2+ 20.Bxe2 Bf6 21.Bb2 Nxf3 22.Bxf3 Bxb2 
23.Re1 Rd8 24.Rd1 Rb8 25.Rg5 b6 26.Rh5 Bb7 27.Be2 
Rd6 28.d3 Rbd8 29.d4 R6xd4 30.Rb1 R4d2 31.Bg4 Ba6+ 
32.Kg2 Bd4 33.Bf3 Rxf2+ 34.Kg3 f5 35.Re1 f4+ 
36.Kg4 Bc8 37.Be4 e5+ 38.Kg5 h6+ 39.Rxh6 gxh6+ 
40.Kxh6 Rxh2+ 41.Kg5 Kf7 42.Bg6+ Kg7 43.b4 
Rg2+ 0-1

[Event "ACL-A087"]
[Site "www.playchess.de"]
[Date "2001.04.15"]
[Round "9"]
[White "Kasparovjr"]
[Black "Fiver"]
[WhiteElo "1500"]
[BlackElo "1500"]
[PlyCount "65"]
[Result "1/2-1/2"]

1.e4 {Greetings from Norway}  c5 {Hello from the 
UK}  2.Nf3 e6 3.d4 cxd4 4.Nxd4 {Greetings from 
Norway.}  Nf6 5.Nc3 Bb4 6.e5 Nd5 7.Bd2 Bxc3 8.bxc3 
O-O 9.Bd3 Qc7 10.O-O Qxe5 11.Re1 Qc7 12.c4 Ne7 
13.Nb5 Qd8 14.Qh5 f5 15.Bf4 Na6 16.Re3 Qe8 17.Qxe8 
Rxe8 18.Bg5 Nc6 19.Bxf5 Rf8 20.Be4 h6 21.Bh4 Ne5 
22.Bd3 Nxd3 23.cxd3 b6 24.Be7 Rf7 25.Ba3 {I am not 
walking over you, I only gained a small edge on 
the last couple of moves :-)}  Rf5 {An 
exaggeration maybe, but you do have the upper 
hand.}  26.Rae1 Bb7 27.f3 {smart trap.}  Bc6 
28.Bd6 Bxb5 29.g4 Rf7 30.cxb5 Nc5 31.Rc1 Nb7 
32.Bb4 a6 33.a4 {You have almost equalized. A draw 
is fine with me.}  1/2-1/2

[Event "HCL-B179"]
[Site "www.playchess.de"]
[Date "2001.04.15"]
[Round "13"]
[White "FreddyRick"]
[Black "Michael_Schenk"]
[WhiteElo "1200"]
[BlackElo "1227"]
[PlyCount "38"]
[Result "0-1"]

1.d4 Nf6 2.Nc3 d6 3.e4 g6 4.Qe2 Bg7 5.Nf3 O-O 
6.Bf4 Nbd7 7.e5 Nh5 8.g3 Nxf4 9.gxf4 c5 10.Nd5 
cxd4 11.Nxd4 dxe5 12.fxe5 Nxe5 13.Bg2 e6 14.f4 
Qh4+ 15.Kf1 exd5 16.fxe5 Qxd4 17.c3 Qf4+ 18.Bf3 
Bg4 19.Ke1 Bxf3 0-1

[Event "HCL-C193"]
[Site "www.playchess.de"]
[Date "2001.04.15"]
[Round "32"]
[White "wael"]
[Black "craigsadler"]
[WhiteElo "1401"]
[BlackElo "549"]
[PlyCount "51"]
[Result "1-0"]

1.e4 c6 2.d4 d5 3.Nd2 dxe4 4.Nxe4 Bf5 5.Ng3 Bg6 
6.Nf3 Nd7 7.Bd3 Bxd3 8.Qxd3 Ngf6 9.O-O e6 10.Re1 
Bd6 11.c3 Bxg3 12.hxg3 O-O 13.b3 h6 14.Ne5 Nxe5 
15.Rxe5 b5 16.Bd2 Ng4 17.Rc5 Rc8 18.Qf3 h5 19.Rxh5 
g6 20.Qxg4 Qf6 21.Bg5 Qg7 22.Rh4 f5 23.Qe2 Rfe8 
24.Re1 Qf7 25.Qe5 Kf8 26.Rh8+ 1-0

[Event "HCL-B207"]
[Site "www.playchess.de"]
[Date "2001.04.15"]
[Round "5"]
[White "smokin247"]
[Black "Ghostdog"]
[WhiteElo "1200"]
[BlackElo "1488"]
[PlyCount "48"]
[Result "0-1"]

1.e3 {hello}  e5 2.g3 d5 3.b3 Nf6 4.Bb2 e4 5.a3 
Be7 6.h3 O-O 7.Ne2 Nc6 8.d4 a6 9.Nbc3 Be6 10.Nf4 
Bc8 11.g4 h6 12.Qe2 Ne8 13.h4 Bxh4 14.Ncxd5 Bg5 
15.c4 Ne7 16.Nxe7+ Bxe7 17.d5 Bf6 18.Bg2 Nd6 
19.O-O Re8 20.Nh5 Bxb2 21.Qxb2 Qg5 22.f3 exf3 
23.Bxf3 Bxg4 24.Qxg7+ Qxg7 0-1

[Event "HCL-B206"]
[Site "www.playchess.de"]
[Date "2001.04.15"]
[Round "10"]
[White "Ptmonger"]
[Black "dom"]
[WhiteElo "1200"]
[BlackElo "1428"]
[PlyCount "50"]
[Result "0-1"]

1.e4 e5 2.Nf3 {Hello, how are you?}  Nc6 3.Bb5 Nf6 
4.O-O d6 {Have a good game}  5.Re1 {Thanks!}  a6 
6.Bd3 Be6 7.h3 Qd7 8.Ng5 h6 9.Nxe6 fxe6 10.Nc3 
O-O-O 11.b3 d5 12.Na4 dxe4 13.Bxe4 Nxe4 14.Rxe4 g5 
15.c3 Bg7 16.Nc5 Qd6 17.Ba3 b6 18.Nxa6 Qxa3 19.Ra4 
Qd6 20.c4 e4 21.Rc1 Qxd2 22.Qxd2 Rxd2 23.b4 Nd4 
24.Kh2 Be5+ 25.Kg1 Ne2+ 0-1

[Event "HCL-C201"]
[Site "www.playchess.de"]
[Date "2001.04.15"]
[Round "17"]
[White "Defcon_One"]
[Black "McLeod"]
[WhiteElo "1000"]
[BlackElo "1000"]
[PlyCount "28"]
[Result "0-1"]

1.Nh3 {good luck}  e5 {hope we have a good game!}  
2.e4 {i hope so 2}  Nf6 3.Ng5 Bc5 4.Bc4 O-O 5.c3 
h6 6.Nf3 Nxe4 7.Nxe5 d5 8.Bb5 Nxf2 9.Qe2 Nxh1 
10.g3 c6 11.d4 cxb5 12.dxc5 Re8 13.Bf4 f6 14.Qg2 
{sorry i took so long}  fxe5 {no problem :)} 
 0-1

[Event "HCL-M013"]
[Site "www.playchess.de"]
[Date "2001.04.15"]
[Round "30"]
[White "rayschutt"]
[Black "ajedrez"]
[WhiteElo "2636"]
[BlackElo "2337"]
[PlyCount "44"]
[Result "1/2-1/2"]

1.d4 {Greetings!}  d5 {Hello, and good luck.}  
2.c4 e6 3.Nc3 c6 4.Nf3 Nf6 5.e3 Nbd7 6.Qc2 Bd6 
7.Be2 O-O 8.O-O dxc4 9.Bxc4 b5 10.Be2 Bb7 11.Rd1 
Qb8 12.Bd2 Rc8 13.Ne4 Nxe4 14.Qxe4 c5 15.Qh4 Nf6 
16.dxc5 Rxc5 17.Bb4 Rd5 18.Rac1 a6 19.a4 bxa4 
20.Rxd5 Bxd5 21.Bxd6 Qxd6 22.Qxa4 a5 {I believe 
this game is pretty equal now.} 
 1/2-1/2

[Event "HCL-C199"]
[Site "www.playchess.de"]
[Date "2001.04.15"]
[Round "7"]
[White "junior30"]
[Black "jackwolf"]
[WhiteElo "1000"]
[BlackElo "1000"]
[PlyCount "24"]
[Result "0-1"]

1.Nf3 Nf6 2.d4 {gonna get it!}  d5 3.Ne5 Nc6 4.f4 
Bf5 5.Nc3 Nxd4 6.Qxd4 Ne4 7.e3 f6 8.g4 c6 9.Nf3 
Rc8 10.gxf5 c5 11.Qa4+ Rc6 12.Qxa7 
Qc8 0-1

[Event "HCL-C211"]
[Site "www.playchess.de"]
[Date "2001.04.15"]
[Round "12"]
[White "wael"]
[Black "craigsadler"]
[WhiteElo "1401"]
[BlackElo "693"]
[PlyCount "53"]
[Result "1-0"]

1.e4 c6 2.d4 d5 3.Nd2 g6 4.exd5 cxd5 5.Ngf3 Bg7 
6.c3 Bf5 7.Nb3 e6 8.Nc5 b6 9.Bb5+ Kf8 10.Nd3 Nf6 
11.O-O Ne4 12.Nfe5 a6 13.Ba4 b5 14.Bc2 Qh4 15.f3 
Ng3 16.hxg3 Qxg3 17.Bf4 Qh4 18.Qd2 g5 19.Bxg5 Qg3 
20.Bf4 Qh4 21.g3 Qh3 22.Rf2 Bh6 23.Rh2 Bxf4 
24.Qxf4 Qxg3+ 25.Qxg3 Rg8 26.Qxg8+ Kxg8 
27.Nb4 1-0

[Event "HCL-M014"]
[Site "www.playchess.de"]
[Date "2001.04.15"]
[Round "1"]
[White "Avulcan"]
[Black "julianlore"]
[WhiteElo "2200"]
[BlackElo "2300"]
[PlyCount "72"]
[Result "0-1"]

1.d4 Nf6 {Hi. Good game!}  2.c4 e6 3.Nc3 d5 4.Nf3 
c6 5.Bg5 h6 6.Bxf6 Qxf6 7.e3 Nd7 8.Bd3 dxc4 9.Bxc4 
g6 10.O-O Bg7 11.b4 O-O 12.a4 e5 13.a5 exd4 
14.exd4 Rd8 15.Qb3 Nf8 16.Ne4 Qf4 17.Nc5 Qc7 
18.Ne5 Kh7 19.Nxf7 Rxd4 20.Rad1 b5 21.axb6 axb6 
22.Rxd4 Bxd4 23.Ne4 Bf5 24.Qd1 Bg7 25.Ned6 Ra1 
26.Qf3 Rxf1+ 27.Kxf1 Qa7 28.g4 Be6 29.h3 Bxc4+ 
{Refused}  30.Nxc4 Ne6 31.Ncd6 Nd4 32.Qc3 Qa6+ 
33.Kg2 Qa8 34.Ne4 c5 35.Qd3 c4 36.Qe3 
c3 0-1

[Event "HCL-C219"]
[Site "www.playchess.de"]
[Date "2001.04.15"]
[Round "3"]
[White "Stalemate"]
[Black "jayr015"]
[WhiteElo "1000"]
[BlackElo "963"]
[PlyCount "36"]
[Result "0-1"]

1.d4 {what's up}  d5 {Hey! Good Luck!!}  2.Be3 
{I'll need it}  f5 3.Nf3 Nc6 4.Nbd2 e6 5.c3 Qe7 
6.Bf4 Nf6 7.e3 Qf7 8.Bd3 Bd6 9.O-O {who are you 
supposed to be bobby fisher}  Bd7 {A wannabe!}  
10.Ng5 {FUCK YOU LETS PLAY, AND STOP MOVING SO 
SLOW, OR ARE YOU SCARED}  Qe7 {I'll pray for you 
my friend.}  11.Be2 {Please forgive me?  And I'm 
sorry I do need prayer good luck and thank you}  
O-O-O {Forgiven.}  12.Nb3 {I have learned from my 
mistake. What is your real name, and were are you 
from?}  b6 13.Bb5 h6 14.Nf3 g5 15.Ba6+ Kb8 16.a4 
gxf4 17.Ra2 Rhg8 18.a5 Nh5 0-1

[Event "HCL-C213"]
[Site "www.playchess.de"]
[Date "2001.04.15"]
[Round "25"]
[White "wael"]
[Black "Saroman"]
[WhiteElo "1432"]
[BlackElo "1000"]
[PlyCount "58"]
[Result "0-1"]

1.e4 b6 2.d4 Bb7 3.Nc3 Nf6 4.Bd3 e6 5.Qe2 Be7 
6.Nf3 d6 7.h3 Nbd7 8.Be3 O-O 9.O-O-O a5 10.g4 c5 
11.g5 c4 12.gxf6 cxd3 13.Qxd3 Nxf6 14.Rhg1 Ba6 
15.Qd2 b5 16.Bh6 Nh5 17.Rg4 Kh8 18.Rdg1 Rg8 19.Bg5 
b4 20.Ne2 Rc8 21.Bxe7 Qxe7 22.Nf4 Nxf4 23.Rxf4 
Rxc2+ 24.Kxc2 Qc7+ 25.Kb1 Rc8 26.Rc1 Bd3+ 27.Rc2 
Bxc2+ 28.Ka1 Bxe4 29.a3 b3 0-1

[Event "HCL-A101"]
[Site "www.playchess.de"]
[Date "2001.04.15"]
[Round "24"]
[White "Felix"]
[Black "Rifleman"]
[WhiteElo "1683"]
[BlackElo "1497"]
[PlyCount "33"]
[Result "1-0"]

1.e4 g6 {Sorry for the delay. Snowing here power 
out some. Good luck.}  2.d4 {No problem at all. 
Good luck!}  Bg7 {:}  3.c4 d6 4.Nc3 Nf6 5.f3 O-O 
6.Be3 e5 7.Nge2 exd4 8.Nxd4 c5 9.Ndb5 Ne8 10.Bxc5 
Qh4+ 11.Bf2 Bxc3+ 12.Nxc3 Qe7 13.Nd5 Qe6 14.Qd2 
Nc6 15.Be2 Nf6 16.Nc7 Qxc4 {Boy I sure missed that 
one. Next move I will resign I've just got too 
many games}  17.Bxc4 {I'm sure we'll meet again; 
Good Luck for all other games!} 
 1-0

[Event "HCL-A101"]
[Site "www.playchess.de"]
[Date "2001.04.15"]
[Round "35"]
[White "kemi"]
[Black "Eaglewingz"]
[WhiteElo "1700"]
[BlackElo "1428"]
[PlyCount "20"]
[Result "0-1"]

1.e4 {Good Luck :-)}  e5 {Thanx, Luck to You too!} 
 2.Nf3 Nc6 3.d4 exd4 4.Bc4 Bc5 5.O-O d6 6.Bb5 Nge7 
7.Nxd4 Bd7 8.Be3 O-O 9.f4 Nxd4 10.Bxd7 
Nxc2 0-1

[Event "ACL-A112"]
[Site "www.playchess.de"]
[Date "2001.04.15"]
[Round "20"]
[White "daniela"]
[Black "BaseballFan"]
[WhiteElo "1454"]
[BlackElo "1500"]
[PlyCount "32"]
[Result "0-1"]

1.e4 {hello, I wish us an interesting game and 
fun.}  e5 2.f4 exf4 3.Nf3 {You don't like any 
chat? O.k. ...}  d6 {I'm new to this, so I didn't 
know how to chat! It's O.K. with me!}  4.d4 {Well, 
I'm also new to this. Will be back maybe 
tomorrrow.}  g5 {Have a Great Day!}  5.h4 {thanks, 
but ever I have stress - we have 2 suns (4 years 
and 4 mth. old.)}  g4 6.Ng1 {Have a good evening!} 
 Qf6 7.Bc4 Nc6 8.c3 Bd7 9.Qb3 Na5 10.Qb4 Nxc4 
11.Qxc4 O-O-O 12.Ne2 Bh6 13.Qd3 f3 14.Bxh6 Nxh6 
15.gxf3 gxf3 16.Ng3 Qf4 0-1

[Event "HCL-B229"]
[Site "www.playchess.de"]
[Date "2001.04.15"]
[Round "26"]
[White "dg"]
[Black "molinov"]
[WhiteElo "1095"]
[BlackElo "1200"]
[PlyCount "58"]
[Result "0-1"]

1.e4 c5 2.Nf3 Nc6 3.d3 d6 4.Nc3 Bd7 5.Be3 Nf6 
6.Be2 Qc7 7.h3 e6 8.O-O Be7 9.Qd2 O-O 10.Nh2 d5 
11.Rad1 d4 12.Bf4 dxc3 13.bxc3 Bd6 14.Bg5 Bxh2+ 
15.Kh1 Bd6 16.Bxf6 Bf4 17.Qe1 gxf6 18.Bh5 Ne5 
19.d4 Ng6 20.Qe2 Bh6 21.Qf3 Bg7 22.Rd2 cxd4 
23.cxd4 Bb5 24.Rb1 a6 25.Qd1 Bh6 26.f4 Qxf4 27.Qe1 
Qxd2 28.Qd1 Qxd1+ 29.Rxd1 Rac8 0-1

[Event "HCL-C234"]
[Site "www.playchess.de"]
[Date "2001.04.15"]
[Round "1"]
[White "yaroslav"]
[Black "Achilles"]
[WhiteElo "1005"]
[BlackElo "1001"]
[PlyCount "39"]
[Result "1-0"]

1.e4 c5 2.c4 Nc6 3.Nc3 g6 4.f4 Bg7 5.Nf3 d6 6.g3 
Bg4 7.Be2 Nf6 8.b3 Nxe4 9.Nxe4 Bxa1 10.d3 Bxf3 
11.Bxf3 Qa5+ 12.Bd2 Qxa2 13.O-O Bd4+ 14.Nf2 O-O-O 
15.Bxc6 bxc6 16.Qg4+ f5 17.Qe2 Rhe8 18.Qe1 Qxb3 
19.Qe6+ Rd7 20.Be3 1-0

[Event "HCL-C234"]
[Site "www.playchess.de"]
[Date "2001.04.15"]
[Round "5"]
[White "MAPS"]
[Black "Achilles"]
[WhiteElo "878"]
[BlackElo "1001"]
[PlyCount "33"]
[Result "1-0"]

1.e4 {good luck!}  c5 2.e5 Nc6 3.Nf3 d5 4.d4 Bg4 
5.dxc5 Nxe5 6.h3 Nxf3+ 7.gxf3 Bh5 8.Be2 e6 9.Bb5+ 
Ke7 10.Nc3 d4 11.Ne4 Qa5+ 12.Nc3 dxc3 {Is that the 
Columbian way of playin chess?}  13.Qd7+ {no, that 
is my way. here we go.}  Kf6 {You are seriously 
rediculous, boy!}  14.b3 {maybe, I just know I am 
going to bit you.}  Bxf3 15.Rg1 g6 16.Bg5+ Kg7 
17.Qd4+ {who is rediculous?}  1-0

[Event "HCL-A100"]
[Site "www.playchess.de"]
[Date "2001.04.15"]
[Round "14"]
[White "tilki"]
[Black "henk"]
[WhiteElo "1600"]
[BlackElo "1915"]
[PlyCount "78"]
[Result "0-1"]

1.d4 {good luck}  Nf6 2.Nc3 d5 3.Nf3 Bf5 4.e3 e6 
5.Bd3 Bg6 6.Bxg6 hxg6 7.Qd3 Nbd7 8.O-O c5 9.dxc5 
Bxc5 10.Rd1 a6 11.e4 Nb6 12.Bg5 Qc7 13.Bxf6 gxf6 
14.exd5 O-O-O 15.Ne4 Nxd5 16.Qb3 g5 17.c4 Nf4 
18.Nxc5 Qxc5 19.Qe3 Qxe3 20.fxe3 Nd3 21.Rd2 Nc5 
22.h3 Rxd2 23.Nxd2 Rd8 24.b4 Rxd2 25.bxc5 Rc2 
26.Rf1 f5 27.g4 Rxc4 28.gxf5 Rxc5 29.fxe6 fxe6 
30.Rf6 Re5 31.Kf2 Rf5+ 32.Rxf5 exf5 33.Kf3 Kd7 
34.e4 fxe4+ 35.Kxe4 Ke6 36.Kf3 Kf5 37.Kg3 b5 38.h4 
gxh4+ 39.Kxh4 Ke4 0-1

[Event "HCL-B247"]
[Site "www.playchess.de"]
[Date "2001.04.15"]
[Round "5"]
[White "Holger"]
[Black "gigabyte"]
[WhiteElo "1689"]
[BlackElo "1818"]
[PlyCount "36"]
[Result "0-1"]

1.e4 e5 2.Nf3 Nc6 3.Bc4 h6 4.a3 Nf6 5.d3 Bc5 6.O-O 
Na5 7.Ba2 d5 8.exd5 O-O 9.b4 Bd4 10.c3 e4 11.dxe4 
Bxf2+ 12.Rxf2 Nxe4 13.Re2 Re8 14.bxa5 Bf5 15.Qb3 
Nc5 16.d6 Nxb3 17.Bxb3 Rxe2 18.dxc7 
Qxc7 0-1

[Event "HCL-C241"]
[Site "www.playchess.de"]
[Date "2001.04.15"]
[Round "31"]
[White "Coney"]
[Black "Jiaolong"]
[WhiteElo "1109"]
[BlackElo "800"]
[PlyCount "75"]
[Result "1-0"]

1.e4 Nf6 2.Nc3 d6 3.d4 e5 4.dxe5 dxe5 5.Qxd8+ Kxd8 
6.Bg5 h6 7.O-O-O+ Nbd7 8.Bxf6+ gxf6 9.Bc4 Bd6 
10.Bxf7 Nb6 11.Nd5 Bg4 12.Rd3 Kd7 13.Nxf6+ Ke7 
14.Nxg4 Kxf7 15.Rf3+ Kg7 16.Ne2 c5 17.Ng3 Raf8 
18.Nf5+ Rxf5 19.Rxf5 Rf8 20.Rxf8 Kxf8 21.Nxh6 Ke7 
22.Nf5+ Ke6 23.Nxd6 Kxd6 24.g4 Nd7 25.g5 Nf8 26.h4 
Ke6 27.h5 Kf7 28.g6+ Kg7 29.Kd2 b5 30.Ke3 c4 31.f4 
exf4+ 32.Kxf4 Ne6+ 33.Ke5 a5 34.Kxe6 b4 35.h6+ 
Kxg6 36.h7 c3 37.h8Q {%}  cxb2 
38.Qf6+ 1-0

[Event "HCL-C241"]
[Site "www.playchess.de"]
[Date "2001.04.15"]
[Round "34"]
[White "Garant"]
[Black "Coney"]
[WhiteElo "1000"]
[BlackElo "1109"]
[PlyCount "41"]
[Result "1-0"]

1.e4 e5 2.Nf3 Nc6 3.d4 exd4 4.Nxd4 Bc5 5.Nxc6 bxc6 
6.Nc3 Qf6 7.f4 Bb4 8.e5 Bxc3+ 9.bxc3 Qe7 10.Be2 d5 
11.O-O Bf5 12.Qd4 f6 13.c4 fxe5 14.fxe5 Be4 
15.cxd5 cxd5 16.Bb5+ Kd8 17.Bg5 Qxg5 18.Rf8+ Ke7 
19.Qc5+ Ke6 20.Qc6+ Ke7 21.Re8+ 1-0

[Event "HCL-B252"]
[Site "www.playchess.de"]
[Date "2001.04.15"]
[Round "5"]
[White "hassell"]
[Black "patharp"]
[WhiteElo "1681"]
[BlackElo "1180"]
[PlyCount "76"]
[Result "1/2-1/2"]

1.e4 {Hello and good luck in the game}  e6 2.d4 d5 
3.Nc3 Bb4 4.Qg4 Nf6 5.Qxg7 Rg8 6.Qh6 dxe4 7.Nge2 
b6 8.Bg5 Nbd7 9.Ng3 Bb7 10.Bb5 c6 11.Bc4 Ng4 
12.Bxd8 {Good move - I didn't even look at it on 
my last move.}  Nxh6 13.Bc7 b5 {thx,didn,t really 
want to exchange queens,but you where attacking to 
strong ..}  14.Be2 f5 15.O-O Rc8 16.Bf4 Nf7 17.a4 
a6 18.Nh5 Be7 19.Nd1 Nf6 20.Ne3 Nxh5 21.Bxh5 Bf6 
22.axb5 cxb5 23.c3 Ke7 24.h3 Rg7 25.Rfc1 Bg5 
26.Bxg5+ Nxg5 27.Kf1 f4 28.Nc2 f3 29.Ne3 fxg2+ 
30.Kxg2 Nf3+ 31.Kh1 {ouch!}  Rg5 32.Bxf3 exf3 
33.Rcg1 Rcg8 34.Rxg5 Rxg5 35.Ng4 h5 36.Ne5 Rg2 
37.Rg1 Rxg1+ 38.Kxg1 Kf6 1/2-1/2

[Event "HCL-A113"]
[Site "www.playchess.de"]
[Date "2001.04.15"]
[Round "9"]
[White "mgwili"]
[Black "ggaarrii"]
[WhiteElo "1900"]
[BlackElo "1274"]
[PlyCount "80"]
[Result "0-1"]

1.e4 {hi!}  c5 2.Nf3 Nc6 {Hello from Umag, 
Croatia!}  3.d4 {i am from zimbabwe. 25yrs old. 
university student}  cxd4 {What do you study? I 
have finished mechanical engineering}  4.Nxd4 
{masters in communication and media studies}  Nf6 
{Do you play in any chess club in Zimbabwe?}  
5.Nc3 {unfortunately no. i've been busy with 
school lately. but i hope 2 start playing national 
tournaments}  d6 6.Be3 a6 7.Bd3 {i don't belong to 
any club. there aren't so many clubs around here, 
but the players r good}  e6 8.Qd2 Be7 9.h3 Qc7 
10.f4 d5 11.exd5 exd5 12.a3 b5 13.Nxc6 Qxc6 14.O-O 
{i have had a hard time thinking abt my next move. 
the game is a bit tight now, right?}  Bb7 {Well, i 
am not the expert but i think you're right!}  
15.Rae1 {:-))}  O-O 16.Bd4 Bc5 17.Qf2 Bxd4 {Nice 
moves you make! Too bad you don't play 
tournaments}  18.Qxd4 {thx. actually im planning 2 
play in 1 this weekend at the university. im 
scared. wish me luck!}  Rfe8 {I have played i two 
big ones so far with result 2out of9 and 2out 
of7.Good luck!}  19.Re5 {thx!}  Rxe5 {I suggest, 
if we get out of this equal to make a draw! Don't 
you think?}  20.fxe5 {ok.}  Ne4 {I will surely 
need every 1/2 of point after my 3 losses :) How 
is night life in Zimbabwe?}  21.Bxe4 {its ok. a 
bit on the expensive side though. beers can cost u 
more than 3US$ here.}  dxe4 {very exp.! It costs 1 
to 1.5 US$ here but we are drunk nation :))}  
22.Re1 {lucky u. but one gd thing abt zim r the 
gals. wonderful stuff, i can assure u :-))}  e3 
{gals?? You mean girls or...?}  23.Re2 Re8 24.Qd6 
Qxd6 25.exd6 f5 26.Rxe3 Kf7 {Nice try! :))}  
27.Rd3 Rd8 28.Ne2 {thx}  Be4 29.Rd2 Ke6 30.Ng3 
Rxd6 {draw?}  31.Rxd6+ Kxd6 32.Nxe4+ {lets see how 
it ends}  fxe4 {ok! let's see!}  33.Kf2 Ke5 34.Ke3 
a5 35.g4 g5 36.c3 a4 37.Kd2 Kd5 38.Ke3 Kc4 {You 
had the chance for a draw! Unfortunatelly, now i 
can't give you any draw !}  39.Kd2 {its ok.}  Kb3 
40.Kc1 e3 0-1

[Event "ACL-A133"]
[Site "www.playchess.de"]
[Date "2001.04.15"]
[Round "4"]
[White "raqueldouve"]
[Black "Benjamin"]
[WhiteElo "1500"]
[BlackElo "1788"]
[PlyCount "29"]
[Result "1-0"]

1.e4 e5 2.Nf3 Nc6 3.Bb5 f5 4.Bxc6 dxc6 5.exf5 Qf6 
6.O-O Nh6 7.Re1 Bd6 8.d4 Qxf5 9.Nxe5 O-O 10.Nf3 
Qg6 11.Bxh6 Qxh6 12.Nbd2 g5 13.h3 Bxh3 {i must go 
now!please accept my draw!}  14.gxh3 {I am a 
seamen, sometimes I can not finish my games 
too...}  Qxh3 15.Qe2 1-0

[Event "ACL-A133"]
[Site "www.playchess.de"]
[Date "2001.04.15"]
[Round "8"]
[White "Rascaal"]
[Black "chucaniam"]
[WhiteElo "1500"]
[BlackElo "1758"]
[PlyCount "22"]
[Result "0-1"]

1.d4 Nf6 2.c4 e6 3.Nc3 Bb4 4.Bg5 h6 5.Bh4 O-O 
6.Nf3 c5 7.d5 d6 8.Bxf6 Qxf6 9.e4 Bxc3+ 10.bxc3 
Qxc3+ 11.Nd2 exd5 0-1

[Event "ACL-A133"]
[Site "www.playchess.de"]
[Date "2001.04.15"]
[Round "10"]
[White "Benjamin"]
[Black "chucaniam"]
[WhiteElo "1788"]
[BlackElo "1758"]
[PlyCount "22"]
[Result "0-1"]

1.e4 e5 2.Nf3 Nc6 3.Bb5 a6 4.Ba4 Nf6 5.O-O b5 
6.Bb3 Be7 7.c3 Nxe4 8.d4 exd4 9.Nxd4 Nxd4 10.Qxd4 
Nf6 11.Re1 O-O 0-1

[Event "HCL-C261"]
[Site "www.playchess.de"]
[Date "2001.04.15"]
[Round "3"]
[White "MEATHEAD"]
[Black "saltsau"]
[WhiteElo "1030"]
[BlackElo "1000"]
[PlyCount "25"]
[Result "1-0"]

1.e4 e6 2.d4 Nc6 3.Qf3 Nxd4 4.Qd3 e5 5.c3 Nc6 
6.Nf3 d6 7.Bg5 f6 8.Be3 a5 9.a4 Ra6 10.Qc4 Nge7 
11.Nh4 g5 12.Nf3 Ng6 13.g3 1-0

[Event "HCL-B266"]
[Site "www.playchess.de"]
[Date "2001.04.15"]
[Round "7"]
[White "SAROS"]
[Black "Iron_Flower"]
[WhiteElo "1276"]
[BlackElo "1110"]
[PlyCount "39"]
[Result "1-0"]

1.e4 {Hello from Istanbul}  d5 {Hi, from 
Leeuwarden, the Netherlands}  2.exd5 Qxd5 3.Nc3 
Qa5 4.Nf3 Bg4 5.Be2 Nf6 6.d3 c6 7.O-O e6 8.Bd2 Qc7 
9.h3 Bh5 10.Nh2 Bxe2 11.Qxe2 Bd6 12.Nf3 Nbd7 
13.Ne4 Nxe4 14.dxe4 O-O-O 15.Rfc1 Ne5 16.c3 Nd3 
17.Rc2 Rd7 18.Kf1 Rhd8 19.Qxd3 Bf4 
20.Qe2 1-0

[Event "HCL-B266"]
[Site "www.playchess.de"]
[Date "2001.04.15"]
[Round "19"]
[White "player27"]
[Black "lonewolf"]
[WhiteElo "1443"]
[BlackElo "1615"]
[PlyCount "84"]
[Result "0-1"]

1.Nf3 {good luck again}  e6 {thanks,same to you}  
2.c4 d5 3.d4 dxc4 4.Nc3 c6 5.a4 Bb4 6.e3 b5 7.Bd2 
Nf6 8.axb5 Bxc3 9.Bxc3 cxb5 10.b3 O-O 11.bxc4 bxc4 
12.Bxc4 Qc7 13.Qb3 a5 14.O-O Bb7 15.Rfc1 Bxf3 
16.gxf3 Nc6 17.Bxe6 a4 18.Rxa4 Rxa4 19.Bxf7+ Qxf7 
20.Qxa4 Qg6+ 21.Kh1 Nd5 22.Qc2 Qh5 23.Qe4 Qxf3+ 
24.Qxf3 Rxf3 25.Kg2 Rf6 26.Ba1 Ncb4 27.Rf1 Nd3 
28.e4 N5f4+ 29.Kg3 Rg6+ 30.Kf3 Rh6 31.Ke3 Rh3+ 
32.f3 Rxh2 33.d5 Re2+ 34.Kd4 Re1 35.Rxe1 Nxe1 
36.Bb2 Nxf3+ 37.Ke3 Ne1 38.Bd4 Nc2+ 39.Kxf4 Nxd4 
40.Ke5 Ne2 41.Ke6 Nc3 42.e5 Kf8 0-1